| 000 -LEADER |
| fixed length control field |
00831cam a22002294i 4500 |
| 001 - CONTROL NUMBER |
| control field |
20766571 |
| 005 - DATE AND TIME OF LATEST TRANSACTION |
| control field |
20221107165914.0 |
| 008 - FIXED-LENGTH DATA ELEMENTS--GENERAL INFORMATION |
| fixed length control field |
181204s2019 nyua b 001 0 eng |
| 020 ## - INTERNATIONAL STANDARD BOOK NUMBER |
| International Standard Book Number |
9781138088542 X |
| 041 ## - LANGUAGE CODE |
| Language code of text/sound track or separate title |
eng |
| 080 ## - UNIVERSAL DECIMAL CLASSIFICATION NUMBER |
| Universal Decimal Classification number |
372 L-46 |
| 100 1# - MAIN ENTRY--PERSONAL NAME |
| Personal name |
Ledford, Jennifer R. |
| 9 (RLIN) |
13412 |
| 245 10 - TITLE STATEMENT |
| Title |
Methods for teaching in early education / |
| Statement of responsibility, etc. |
Jennifer Ledford, Justin D. Lane and Erin E. Barton. |
| 250 ## - EDITION STATEMENT |
| Edition statement |
First edition. |
| 264 #1 - PRODUCTION, PUBLICATION, DISTRIBUTION, MANUFACTURE, AND COPYRIGHT NOTICE |
| Place of production, publication, distribution, manufacture |
New York : |
| Name of producer, publisher, distributor, manufacturer |
Routledge, |
| Date of production, publication, distribution, manufacture, or copyright notice |
2019. |
| 300 ## - PHYSICAL DESCRIPTION |
| Extent |
257 pages : |
| Other physical details |
illustrations ; |
| Dimensions |
26 cm. |
| 653 ## - INDEX TERM--UNCONTROLLED |
| keyword |
სკოლამდელი ბავშვების განათლება |
| 653 ## - INDEX TERM--UNCONTROLLED |
| keyword |
პედაგოგიკა |
| 700 1# - ADDED ENTRY--PERSONAL NAME |
| Personal name |
Lane, Justin D. |
| Dates associated with a name |
1982-, |
| Relator term |
ავტორი |
| 9 (RLIN) |
13413 |
| 700 1# - ADDED ENTRY--PERSONAL NAME |
| Personal name |
Barton, Erin Elizabeth |
| Relator term |
ავტორი |
| 9 (RLIN) |
11943 |
| 942 ## - ADDED ENTRY ELEMENTS (KOHA) |
| Source of classification or shelving scheme |
|
| Koha item type |
წიგნი |